Inšpirovaná Halasom

Bibliographic Details
Format: Article
Language:Slovak
Subjects:

MARC

LEADER 00000nab a2200000 ar4500
001 vtls009348538
003 SK-MaSNL
005 20260426062917.0
008 081016c19740114xo |r|p|||||||000 b|slo
015 |a SNBRB1974 
038 |a SNKBUCL 
040 |a SNKBUCL  |b slo  |c SNKBUCL  |e AACR2 
041 |a slo 
044 |a xo  |c SK 
080 |a 75.071.1:061.4  |2 1997 
245 0 0 |a Inšpirovaná Halasom  |c [autor] (f) 
600 1 7 |a Gáboríková-Kudláčová, Maja,  |d 1943-  |x výstavy  |2 snkbucl  |9 1283727 
648 7 |a 1973  |2 snkbucl  |9 282428 
651 7 |a Bratislava (Slovensko)  |2 snkbucl  |9 14568 
773 0 |t Večerník  |g (14.1.1974), s. 5 
852 |a SNK  |b KIS3GCP 
958 |a BX 
999 |c 2550721  |d 2552651